Practical Pharmaceutics (PB 2019) (Record no. 8610)
[ view plain ]
| 000 -LEADER | |
|---|---|
| fixed length control field | 00482nam a22001577a 4500 |
| 003 - CONTROL NUMBER IDENTIFIER | |
| control field | OSt |
| 008 - FIXED-LENGTH DATA ELEMENTS--GENERAL INFORMATION | |
| fixed length control field | 200320b ||||| |||| 00| 0 eng d |
| 020 ## - INTERNATIONAL STANDARD BOOK NUMBER | |
| International Standard Book Number | 9788123907871 |
| 100 ## - MAIN ENTRY--PERSONAL NAME | |
| Personal name | Gaud, R. S. |
| 245 ## - TITLE STATEMENT | |
| Title | Practical Pharmaceutics (PB 2019) |
| 250 ## - EDITION STATEMENT | |
| Edition statement | 1st/e, Reprint 2019 |
| 260 ## - PUBLICATION, DISTRIBUTION, ETC. (IMPRINT) | |
| Place of publication, distribution, etc | New Delhi |
| Name of publisher, distributor, etc | CBS Publishers & Distributors |
| 300 ## - PHYSICAL DESCRIPTION | |
| Extent | Paperback: 306 Pages, Dimensions: 24 x 18.2 x 1.4 cm |
| 650 ## - SUBJECT ADDED ENTRY--TOPICAL TERM | |
| Topical term or geographic name as entry element | Pharmaceutics (Dispensing and General Pharmacy |
| 942 ## - ADDED ENTRY ELEMENTS (KOHA) | |
| Source of classification or shelving scheme | Dewey Decimal Classification |
| Koha item type | Text Books |
| 942 ## - ADDED ENTRY ELEMENTS (KOHA) | |
| -- | 3 |
| Withdrawn status | Lost status | Source of classification or shelving scheme | Damaged status | Not for loan | Collection code | Home library | Current library | Date acquired | Source of acquisition | Currency | Cost, normal purchase price | Bill Number | Total Checkouts | Full call number | Acc. no. / Barcode | Date last seen | Date last borrowed | Actual Cost, discounted price | Bill Date | Koha item type | Shelving location |
|---|---|---|---|---|---|---|---|---|---|---|---|---|---|---|---|---|---|---|---|---|---|
| Dewey Decimal Classification | B.Pharma | PIET C-LIBRARY | PIET C-LIBRARY | 07/01/2020 | Kirti Prakashan | IN Rupees | 350.00 | IN5980 | 2 | 615.19 GAP | BP413 | 24/03/2021 | 12/03/2021 | 227.50 | 07/01/2020 | Text Books | |||||
| Dewey Decimal Classification | B.Pharma | PIET C-LIBRARY | PIET C-LIBRARY | 07/01/2020 | Kirti Prakashan | IN Rupees | 350.00 | IN5980 | 615.19 GAP | BP414 | 20/03/2020 | 227.50 | 07/01/2020 | Text Books | |||||||
| Dewey Decimal Classification | B.Pharma | PIET C-LIBRARY | PIET C-LIBRARY | 07/01/2020 | Kirti Prakashan | IN Rupees | 350.00 | IN5980 | 615.19 GAP | BP415 | 20/03/2020 | 227.50 | 07/01/2020 | Text Books | |||||||
| Dewey Decimal Classification | B.Pharma | PIET C-LIBRARY | PIET C-LIBRARY | 07/01/2020 | Kirti Prakashan | IN Rupees | 350.00 | IN5980 | 615.19 GAP | BP416 | 20/03/2020 | 227.50 | 07/01/2020 | Reference Books | Ref. Sec. R08 | ||||||
| Dewey Decimal Classification | B.Pharma | PIET C-LIBRARY | PIET C-LIBRARY | 07/01/2020 | Kirti Prakashan | IN Rupees | 350.00 | IN5980 | 1 | 615.19 GAP | BP417 | 23/03/2021 | 19/03/2021 | 227.50 | 07/01/2020 | Text Books |